000 00414nam a22001697a 4500
003 CEME
005 20210628205103.0
008 210224b xxu||||| |||| 00| 0 eng d
020 _a0-7923-9791-6
040 _c.
082 _a621.395 COH'V
100 _aCohen, Ben
_973812
245 _aVhdl answers to frequency asked questions
260 _aBOSTON
_bKLUWER
_c1997
300 _aXXIV, 291P
942 _cBK
_2ddc
999 _c579455
_d579455